000 00679nam a2200289Ia 4500
005 20260324143900.0
008 008 260324s9999 xx 000 0 eng d
020 _a9780203734773
037 _aEBOOK
040 _aCRL
040 _beng
040 _cCRL
041 _2eng
041 _aeng
084 _qCRL
100 _aShigeo Shingo
_91185304
245 0 _aUna revolutión en la productión
245 0 _bel sistema SMED, 3a Edicion
260 _bTaylor and Francis
260 _c1990
365 _a
365 _b290
856 _uhttp://www.taylorfrancis.com/books/9780203734773
942 _cEBOOK
999 _c1823198
_d1823198